Dramatúrgia d'Hamburg / Gotthold Ephraim Lessing ; traducció i notes de Feliu Formosa ; pròleg d'Antoni Marí
Descripción Física:
391 p. ; 21 cm
Colección:
Monografies de teatre ; 22
MARC
| LEADER | 00000nam a2200000Ia 4500 | ||
|---|---|---|---|
| 001 | 7620 | ||
| 008 | 160829s1987 xx 000 0 cat d | ||
| 080 | |a B-1-180 | ||
| 100 | |a Lessing, Gotthold Ephraim |9 27046 | ||
| 245 | |a Dramatúrgia d'Hamburg / Gotthold Ephraim Lessing ; traducció i notes de Feliu Formosa ; pròleg d'Antoni Marí | ||
| 260 | |a Barcelona : |b Institut del Teatre de la Diputació : |b Edicions 62, |c 1987 | ||
| 300 | |a 391 p. ; |c 21 cm | ||
| 490 | |a Monografies de teatre ; 22 | ||
| 650 | |a Teatre |x Tècnica |9 30865 | ||
| 650 | |a Teatre |x S. XVIII |9 30866 | ||
| 650 | |a Teatre |x Història i crítica |9 20928 | ||
| 700 | |a Formosa, Feliu, |d 1934- |e traductor |9 34955 | ||
| 700 | 1 | |a Marí, Antoni |y 1944- |e escriptor d'un pròleg | |
| 710 | 1 | |a Institut del Teatre (Barcelona, Catalunya) |9 52662 | |
| 901 | |a Arxiu | ||
| 942 | |n 1 |2 udc | ||
| 952 | |0 0 |1 0 |4 0 |6 B1180 |7 1 |9 45551 |a Arxiu |b Arxiu |d 2016-12-01 |l 0 |o B-1-180 |p 7620 |r 2016-12-01 00:00:00 |w 2016-12-01 |y ARXIU | ||
| 999 | |c 48719 |d 48719 | ||